000 00600nam a22001817a 4500
005 20251108170838.0
008 250721s9999 xx 000 0 ara d
082 1 4 _a576.64/ذهب
100 1 _aأبو الذهب، مصطفى كمال
245 1 0 _aالبكتيريا :
_bطرق الدراسة المعملية /
264 1 _aالإسكندرية :
_bدار المطبوعات الجديدة،
_c[19-].
300 _a208ص
650 1 7 _aالبكتيريا
650 1 7 _aالعضويات الدقيقة
650 1 7 _aعلم الأحياء الدقيقة
942 _2ddc
_cBK
999 _c50360
_d50360